| 000 | 00668nam a22002177a 4500 | ||
|---|---|---|---|
| 999 |
_c3825 _d3825 |
||
| 001 | 5009 | ||
| 003 | BD-DhUAP | ||
| 005 | 20200312142119.0 | ||
| 008 | 200312r19971991at a|||| |||| 00| 0 eng d | ||
| 020 | _a0521367573 | ||
| 040 |
_aBD-DhUAP _bEng _cBD-DhUAP _dBD-DhUAP |
||
| 082 |
_223 _a808.042 LIT |
||
| 100 | _aLittlejohn, Andrew. | ||
| 245 |
_aWriting 2 / _cAndrew Littlejohn. |
||
| 260 |
_aCambridge : _bCambridge University Press, _cc1991 [Printed 1997]. |
||
| 300 |
_a82 pages : _billustrations ; _c25 cm. |
||
| 490 | _aCambridge Skills for Fluency. | ||
| 650 | _aEnglish language. | ||
| 650 |
_aEnglish language _vRhetoric _xStudy and teaching. |
||
| 942 |
_2ddc _cBK |
||